| 000 | 00642nam a2200241Ia 4500 | ||
|---|---|---|---|
| 005 | 20251020182456.0 | ||
| 008 | 200515s9999 xx 000 0 und d | ||
| 082 | _a624.045/S44 | ||
| 100 | _aSeto, William W. | ||
| 245 | 0 | _aVibraciones mecánicas | |
| 260 | _aMéxico, D.F. | ||
| 260 | _bMcGraw-Hill | ||
| 260 | _c1970 | ||
| 300 | _a198 p. | ||
| 300 | _bil., tbl., graf. | ||
| 490 | _aSERIE DE COMPENDIOS SCHAUM | ||
| 500 | _a1 ejemplar | ||
| 520 | _aDedicado principalmente a complementar textos básicos de vibraciones mecánicas. | ||
| 650 | _aMECANICA | ||
| 650 | _aVIBRACIONES MECANICAS | ||
| 942 | _cLIB | ||
| 999 |
_c1013 _d1013 |
||